| 000 | 00765nam a2200277Ia 4500 | ||
|---|---|---|---|
| 008 | 160319s9999 xx 000 0 und d | ||
| 245 | _aBody atlas : | ||
| 245 | _bHuman pump; The brain; Body clock; Breath of life / | ||
| 245 | _cDiscovery Communications. | ||
| 260 | _aBethesda, Maryland : | ||
| 260 | _bDiscovery Channel School. | ||
| 260 | _c2009 | ||
| 300 | _a1 digital video disc (100 min.) : | ||
| 300 | _bsound, colored ; | ||
| 300 | _c4 3/4 in. | ||
| 440 | _aBody Atlas. | ||
| 650 | _aBrain -- | ||
| 650 | _aCardiovascular system -- | ||
| 650 | _aEndocrine system -- | ||
| 650 | _aHuman anatomy. | ||
| 650 | _aRespiratory system -- | ||
| 650 | _xAnatomy. | ||
| 650 | _xAnatomy. | ||
| 650 | _xAnatomy. | ||
| 650 | _xAnatomy. | ||
| 999 |
_c292407 _d292407 |
||